| 000 | 00502nam a2200181 a 4500 | ||
|---|---|---|---|
| 005 | 20210223122810.0 | ||
| 008 | 991125s1972 pek 000 0 spa u | ||
| 035 | _aUPN01000041735 | ||
| 049 | _aCG | ||
| 050 | 4 |
_aPL2783 L9 _bN698 1972 |
|
| 100 | 1 |
_aLu Sin, _d1881-1936 |
|
| 245 | 1 | 0 |
_aNovelas escogidas de Lu Sin / _ctr. por Luis Enrique Délano |
| 260 |
_aPekin : _bLenguas Extranjeras, _c1972 |
||
| 300 |
_a325 p. : _bil. |
||
| 650 | 4 |
_aNOVELA CHINA _914876 |
|
| 904 |
_aAC _b041737 |
||
| 905 | _aLibro | ||
| 999 |
_c41735 _d41735 |
||